Air pollution from motor vehicles standards and technologies for controlling emissions

Λεπτομέρειες βιβλιογραφικής εγγραφής
Κύριοι συγγραφείς: Faiz, Asif (Συγγραφέας), Weaver, Christopher S. (Συγγραφέας), Walsh, Michael P. (Συγγραφέας)
Μορφή: Βιβλίο
Γλώσσα:English
Έκδοση: Washington World Bank 1996
Θέματα:
LEADER 01330nam a2200289 4500
001 10113897
003 upatras
005 20210117205133.0
008 140911s1996 us eng
020 |a 0821334441 
040 |a GR-PaULI  |e AACR2   |c GR-PaULI 
041 0 |a eng 
082 0 4 |a 363.731 
100 1 |a Faiz, Asif  |4 aut  |9 140470 
245 1 0 |a Air pollution from motor vehicles  |b standards and technologies for controlling emissions  |c Asif Faiz, Christopher S. Weaver, Michael P. Walsh ; with contributions by Surhid Gautam, Lit-Mian Chan 
260 |a Washington  |b World Bank  |c 1996 
300 |a xix, 246 σ.  |b εικ.  |c 28 εκ. 
504 |a Περιέχει βιβλιογραφικές αναφορές και ευρετήριο 
650 4 |a Αυτοκίνητα  |x Περιβαλλοντικές απόψεις  |9 86573 
650 4 |a Ατμοσφαιρική ρύπανση  |9 2444 
700 1 |a Weaver, Christopher S.  |4 aut  |9 140471 
700 1 |a Walsh, Michael P.  |4 aut  |9 140472 
852 |a GR-PaULI  |b ΠΑΤΡΑ  |b ΒΚΠ  |b ΒΣ1  |k ΑΣΧΞ  |h 363.731 FAI  |m 067823  |p 025000104643  |t 1 
942 |2 ddc  |c BK15 
952 |0 0  |1 0  |4 0  |6 363_731000000000000_FAI  |7 0  |9 169814  |a LISP  |b LISP  |c BSC  |d 2016-04-24  |i 067823  |l 0  |o 363.731 FAI  |p 025000104643  |r 2016-04-24 00:00:00  |t 1  |w 2016-04-24  |y BK15 
998 |c ΜΠΟΥΡΑΣ  |d 2014-09 
999 |c 106252  |d 106252